000 00475nam a22001817a 4500
003 OSt
005 20211109091211.0
008 211109b |||||||| |||| 00| 0 eng d
020 _a0721614736
040 _cHAWASSA UNIVERSITY
050 _a636.0895/BAG
_b1
082 _a636.0895/BAG
_b1
100 _aBAGGOT J.D.
_917378
245 _aPRINCIPLES OF DRUG DISPOSITION IN DOMESTIC ANIMALS
260 _aLONDON
_bTORONTO
_c1977
300 _aviii/238
942 _2ddc
_cBOOKS
_n0
999 _c17195
_d17195